00636 2200229 4500001002100000005001500021035002400036040001200060082001600072084002000088100001500108245004700123260003400170300005300204500004000257500002000297650003400317700001100351850001200362990001600374990001600390YOGYA00000000010032520140823125439 0010-111300000000441 aYOPDYOG 2[22]a792.2 aYog 792.2 Kit D aKITIN, Nyi aDagelan mataram gladen/cNyi Kitin, Basiyo aSurakarta:bLokananta,c[s.a] a1 cd(60menit):bdigital,Stereo.;c4 3/4 in(2 CD) aDiiringi gamelan cokekan Basiyo dkk aGladen bab.I,II aPertunjukan komedi ( dagelan) aBasiyo aYOPDYOG a2477/B.2013 a2478/B.2013